Представление документа в формате MARC21

Поле Инд. ПП Название Значение
Тип записи a
Библиографический уровень m
001 _ Контрольный номер RU\infra-m\znanium\bibl\996364
005 _ Дата корректировки 20250915104133.9
008 Кодируемые данные 190327s2018 RU g rus u
020 a ISBN 978-5-9558-0553-5
020 a ISBN 978-5-16-102484-3
020 a ISBN 978-5-16-012658-6
040 a Служба первич. каталог. Общество с ограниченной ответственностью «ЗНАНИУМ»
041 a Код языка текста rus
044 a Код страны публикации RU
080 a Индекс УДК 339(075.8)
084 2 Источник индекса rubbk
a Индекс другой классификации/Индекс ББК 65.5
084 2 Источник индекса okso
a Индекс другой классификации/Индекс ББК 41.04.05
084 2 Источник индекса okso
a Индекс другой классификации/Индекс ББК 38.04.01
084 2 Источник индекса okso
a Индекс другой классификации/Индекс ББК 38.03.01
084 2 Источник индекса okso
a Индекс другой классификации/Индекс ББК 44.03.05
084 2 Источник индекса okso
a Индекс другой классификации/Индекс ББК 41.03.05
100 1_ a Автор Зарицкий Борис Ефимович
q Полное имя Борис Ефимович
245 a Заглавие Экономика Европейского Союза
b Продолж. заглавия Учебник для магистров; Учебник
c Ответственность Финансовый университет при Правительстве Российской Федерации
250 a Основные сведения об издании 1
260 a Место издания Москва
b Издательство Вузовский учебник
c Дата издания 2019
300 a Объем 328 с.
520 a Аннотация В учебнике в первом разделе рассматриваются вопросы становления Европейского союза, основные этапы его развития, современные проблемы и перспективы интеграционных процессов в экономической, финансовой и банковской сферах. Второй раздел учебника посвящен характеристике экономик крупнейших стран ЕС — Германии, Франции, Италии и Испании. Наряду с анализом социально-экономических моделей, структурных сдвигов в экономике и на рынке труда широко представлен статистический материал, иллюстрирующий динамику изменений, происходящих в этих странах.
521 a Примеч. о целев. назн. ВО - Магистратура
650 a Основная рубрика Экономика. Бухгалтерский учет. Финансы
x Основная подрубрика Экономика отдельных зарубежных стран
700 1_ a Другие авторы Поспелов Валентин Кузьмич
q Полное имя Валентин Кузьмич
852 x Примечание, не предназначенное для пользователя znanium2022
856 4_ a Имя сервера/домена znanium.com
m Помощь ebs_support@infra-m.ru
n Местонахождение сервера НИЦ ИНФРА-М
u URL http://znanium.com/catalog/document?id=330962
z Примечание для пользователя Участвует в КО
856 41 a Имя сервера/домена znanium.com
d Путь /cover/0996
f Электронное имя 996364.jpg
q Тип электронного формата image/jpeg
u URL https://znanium.com/cover/0996/996364.jpg